003020000a22001090004500082002200000100002900022245004000051260005400091260000900145300000800154650003000162 a334.683 095 4 YEG aYegna Narayan Aiyer, A K aCo-operation and indian agriculture aBangalore, Bangalore printing & Publishing co Ltd c1960 a203 aCooperatice farming-india